书目信息 |
| 题名: |
俄英汉基础词典
|
|
| 作者: | 王麦林 , 矫永平 编译 | |
| 分册: | ||
| 出版信息: | 北京 电子工业出版社 1989 |
|
| 页数: | 945页 | |
| 开本: | 20cm | |
| 丛书名: | ||
| 单 册: | ||
| 中图分类: | H061 | |
| 科图分类: | ||
| 主题词: | 词典学 | |
| 电子资源: | ||
| ISBN: | 7-5053-0144-6 | |
| 000 | 00612nam0 2200205 450 | |
| 001 | 0655660515 | |
| 005 | 20061030152947.01 | |
| 010 | @a7-5053-0144-6@dCNY18.00 | |
| 100 | @a20061030d1989 km y0chiy0120 ea | |
| 101 | 0 | @achi |
| 102 | @aCN@b110000 | |
| 200 | 1 | @a俄英汉基础词典@Ae ying han ji chu ci dian@f王麦林,矫永平等编译@Fwang mai lin,jiao yong ping deng bian yi |
| 210 | @a北京@c电子工业出版社@d1989 | |
| 215 | @a945页@d20cm | |
| 606 | 0 | @a词典学 |
| 690 | @aH061@v3 | |
| 701 | 0 | @a王麦林@Awang mai lin@4编译 |
| 701 | 0 | @a矫永平@Ajiao yong ping@4编译 |
| 801 | 0 | @aCN@bPFT@c20061030 |
| 905 | @a10447@dH061@e73 | |
| 俄英汉基础词典/王麦林,矫永平等编译.-北京:电子工业出版社,1989 |
| 945页;20cm |
| ISBN 7-5053-0144-6:CNY18.00 |
| ● |
| 相关链接 |
|
|
|
|
正题名:俄英汉基础词典
索取号:H061/73
 
预约/预借
| 序号 | 登录号 | 条形码 | 馆藏地/架位号 | 状态 | 备注 |
| 1 | 0231979 | 000801877 | 第二样本阅览室/ [索取号:H061/73] | 在馆 |